|
|
|
|
| LEADER |
00000nam a2200000 a 4500 |
| 001 |
vtls001124810 |
| 003 |
SK-MaSNL |
| 005 |
20260301111628.0 |
| 008 |
240318s1980 CS 0 eng |
| 035 |
|
|
|a SNK000067656
|
| 040 |
|
|
|a SNK
|b slo
|c SNK
|e AACR2
|
| 041 |
0 |
|
|a eng
|
| 044 |
|
|
|a CS
|
| 100 |
1 |
|
|a Kratochvíl, Josef
|4 aut
|9 280387
|
| 245 |
1 |
0 |
|a Capromyinae (Rodentia) of Cuba
|n 2
|c Authors: Josef Kratochvíl, Lourdes Rodriguez, Vlastimil Baruš
|
| 260 |
|
|
|a Praha
|b Academia
|c 1980
|
| 300 |
|
|
|a 45, [4] s., [5] s. fot. príl.
|c 8°
|
| 490 |
0 |
|
|a Acta scientiarum naturalium Academiae scientiarum bohemoslovacae, Brno. Nova series
|v fasc. 3
|
| 500 |
|
|
|a Edícia má zv. 14
|
| 700 |
1 |
|
|a Rodriguez, Lourdes
|4 aut
|9 280388
|
| 700 |
1 |
|
|a Baruš, Vlastimil,
|d 1935-2014
|4 aut
|9 262938
|
| 958 |
|
|
|a RK
|
| 958 |
|
|
|a OND
|
| 999 |
|
|
|c 707742
|d 709672
|
| 952 |
|
|
|t P60, <04>, [BOOK], {604}
|a SNK
|b SNK
|y VYP
|7 0
|o snkIC 75123/2
|i snkKIP 5723/80
|0 0
|1 0
|4 0
|d 1996-01-11
|l 0
|r 2004-12-31 00:00:00
|w 2026-02-23
|
| 952 |
|
|
|t P60, <04>, [BOOK], {604}
|a SNK
|b SNK
|y VYP
|7 0
|o snkIC 75123/2 D1
|i snkKIP 5724/80
|0 0
|1 0
|4 0
|d 1996-01-11
|l 0
|r 2004-12-31 00:00:00
|w 2026-02-23
|